San Francisco de Asís. Escritos-Biografías-Documentos de la época

সংরক্ষণ করুন:
গ্রন্থ-পঞ্জীর বিবরন
প্রধান লেখক: Guerra, José Antonio (Author)
বিন্যাস: গ্রন্থ
ভাষা:স্প্যানিশ
প্রকাশিত: Madrid Biblioteca de Autores Cristianos 1978
মালা:Biblioteca de Autores Cristianos, 399
বিষয়গুলি:
ট্যাগগুলো: ট্যাগ যুক্ত করুন
কোনো ট্যাগ নেই, প্রথমজন হিসাবে ট্যাগ করুন!

MARC

LEADER 00000nam a2200000 a 4500
001 UCI4798
003 CL-VaPUC
008 080307e19780000SP |||||||||||||||||spa|d
082 0 4 |a 922.22  |b GUE  |2 21 
100 0 |a Guerra, José Antonio  |e author  |9 526840 
245 1 0 |a San Francisco de Asís. Escritos-Biografías-Documentos de la época 
300 |a 1091 p 
942 |c BK 
945 |d 20080307 00:00:00  |a rbrito 
260 |a Madrid  |b Biblioteca de Autores Cristianos  |c 1978 
500 |a Donación padres capuchinos 
600 0 7 |a SAN FRANCISCO DE ASIS  |2 CL-VaPUC  |9 342281 
650 0 |a Biografías  |9 255210 
650 7 |a SANTOS  |2 CL-VaPUC  |9 313738 
650 0 |a Vida religiosa  |9 257284 
583 |a last modification  |c 20080307 00:00:00  |k Rodrigo Vera 
490 0 |a Biblioteca de Autores Cristianos, 399 
999 |c 328645  |d 328643 
952 |0 0  |1 0  |4 0  |6 922_220000000000000_GUE_1978  |7 0  |8 X  |9 412714  |a FDOBUD  |b FDOBUD  |d 2019-11-22  |i 440808K  |o 922.22 GUE 1978  |p 440808K  |r 2019-11-22  |w 2019-11-22  |y BK_X  |k BUD 
952 |0 0  |1 0  |4 0  |6 922_220000000000000_GUE_1978  |7 0  |8 P  |9 412715  |a BIBEDU  |b BIBEDU  |c BIBEDU_PB  |d 2019-11-22  |i 4740017  |l 1  |o 922.22 GUE 1978  |p 4740017  |r 2024-01-25  |s 2022-11-28  |w 2019-11-22  |y BK  |k FIL